A first guide to no-governmental archives in Zambia (Record no. 63152)

MARC details
000 -LEADER
fixed length control field 00922nam a2200205 a 4500
008 - FIXED-LENGTH DATA ELEMENTS--GENERAL INFORMATION
fixed length control field 090618s2004 ||||||||||||||||| || u
050 ## - LIBRARY OF CONGRESS CALL NUMBER
Classification number GOV.ZAM(02)2004/6A
100 ## - MAIN ENTRY--PERSONAL NAME
Personal name Macola, Giacomo
245 12 - TITLE STATEMENT
Title A first guide to no-governmental archives in Zambia
260 ## - PUBLICATION, DISTRIBUTION, ETC.
Place of publication, distribution, etc. Lusaka
Name of publisher, distributor, etc. National Archives of Zambia
Date of publication, distribution, etc. 2004
300 ## - PHYSICAL DESCRIPTION
Extent 121p.
350 ## -
-- 0.00
650 ## - SUBJECT ADDED ENTRY--TOPICAL TERM
Topical term or geographic name entry element NON-GOVERNMENTAL ORGANIZATIONS--ARCHIVAL RESOURCES--CATALOGS
650 ## - SUBJECT ADDED ENTRY--TOPICAL TERM
Topical term or geographic name entry element ARCHIVES--ZAMBIA
700 ## - ADDED ENTRY--PERSONAL NAME
Personal name Hinfelaar, Marja
710 ## - ADDED ENTRY--CORPORATE NAME
Corporate name or jurisdiction name as entry element Government of the Republic of Zambia (GRZ)
710 ## - ADDED ENTRY--CORPORATE NAME
Corporate name or jurisdiction name as entry element National Archives of Zambia
995 ## -
-- SPECIAL COLLECTIONS
-- 0.00
-- 03004164
-- CBU-MAIN LIBRARY (Kitwe)
-- 1
-- 0.00
-- GOV.ZAM(02)2004/6A
-- 1
-- AVAILABLE
-- Jun 18, 2009
-- 03004164
-- Zambiana Collection
995 ## -
-- SPECIAL COLLECTIONS
-- 0.00
-- 03004165
-- CBU-MAIN LIBRARY (Kitwe)
-- 1
-- 0.00
-- GOV.ZAM(02)2004/6B
-- 2
-- AVAILABLE
-- Jun 18, 2009
-- 03004165
-- Zambiana Collection
999 ## -
-- 63152
-- 63152
Holdings
Withdrawn status Lost status Source of classification or shelving scheme Damaged status Not for loan Permanent Location Current Location Shelving location Date acquired Total Checkouts Full call number Barcode Date last seen Price effective from Koha item type
          CBU-MAIN LIBRARY, KITWE. CBU-MAIN LIBRARY, KITWE.   12/24/2022   GOV.ZAM(02)2004/6A 03004164 12/24/2022 12/24/2022 MONOGRAPH
          CBU-MAIN LIBRARY, KITWE. CBU-MAIN LIBRARY, KITWE.   12/24/2022   GOV.ZAM(02)2004/6A 03004165 12/24/2022 12/24/2022 MONOGRAPH